[Event "TUN-ch (Women)"]
[Site "Hammamet"]
[Date "2018.02.20"]
[Round "7"]
[White "Miladi, Amen"]
[Black "Mrizek, Asma"]
[Result "1-0"]
[WhiteElo "1553"]
[BlackElo "1306"]
[PlyCount "51"]
[EventDate "2018.02.16"]
[EventType "swiss"]
[EventRounds "9"]
[EventCountry "TUN"]
[SourceTitle "CBM 183 Extra"]
[Source "ChessBase"]
[SourceDate "2018.04.19"]
[SourceVersion "1"]
[SourceVersionDate "2018.04.19"]
[SourceQuality "1"]

1. e4 e5 2. Nc3 Bc5 3. g3 a6 4. Bg2 Nc6 5. Nge2 d6 6. d3 h6 7. 0-0 Nge7 8. h3 0-0 9. Kh2 Be6 10. f4 f5 11. exf5 Rxf5 12. g4 Rf8 13. f5 Bd7 14. Ne4 Bb6 15. f6 Ng6 16. g5 Nh4 17. gxh6 gxh6 18. Bxh6 Rf7 19. Qe1 Nf5 20. Rxf5 Bxf5 21. Qg3+ Kh8 22. Bg7+ Kg8 23. Ng5 Qd7 24. Bd5 Nd8 25. Qh4 Ne6 26. Qh8# 1-0

[Event "Africa-ch U20 Girls"]
[Site "Hammamet"]
[Date "2016.12.01"]
[Round "7"]
[White "Ben Said, Nourhene"]
[Black "Mrizek, Asma"]
[Result "1-0"]
[WhiteElo "1260"]
[BlackElo "1419"]
[PlyCount "71"]
[EventDate "2016.11.26"]
[EventType "tourn"]
[EventRounds "9"]
[EventCountry "TUN"]
[SourceTitle "EXT 2018"]
[Source "ChessBase"]
[SourceDate "2017.10.13"]
[SourceVersion "1"]
[SourceVersionDate "2017.10.13"]
[SourceQuality "1"]

1. e4 e5 2. Nf3 Nf6 3. Nxe5 d6 4. Nf3 Nxe4 5. Nc3 Nf6 6. d4 d5 7. Be3 Be6 8. Qd2 a6 9. 0-0-0 Nc6 10. Re1 Qd7 11. Bg5 Be7 12. Bxf6 Bxf6 13. g3 h6 14. Bg2 0-0-0 15. Na4 Be7 16. a3 Na7 17. Nc3 Rhe8 18. Ne5 Qd6 19. Na4 Bf6 20. Nc5 Bxe5 21. Rxe5 Nc6 22. Re3 a5 23. Nxe6 Rxe6 24. Bh3 Kb8 25. Bxe6 fxe6 26. Rhe1 Re8 27. Qc3 Qd7 28. Qc5 b6 29. Qb5 Kb7 30. b4 axb4 31. axb4 Ra8 32. Rxe6 Ra1+ 33. Kb2 Rxe1 34. Rxe1 Kc8 35. Qa6+ Kb8 36. Ra1 1-0

[Event "Africa-ch U20 Girls"]
[Site "Hammamet"]
[Date "2016.11.27"]
[Round "2"]
[White "Mrizek, Asma"]
[Black "Miladi, Amen"]
[Result "1/2-1/2"]
[WhiteElo "1419"]
[BlackElo "1432"]
[PlyCount "65"]
[EventDate "2016.11.26"]
[EventType "tourn"]
[EventRounds "9"]
[EventCountry "TUN"]
[SourceTitle "EXT 2018"]
[Source "ChessBase"]
[SourceDate "2017.10.13"]
[SourceVersion "1"]
[SourceVersionDate "2017.10.13"]
[SourceQuality "1"]

1. e4 c5 2. Nf3 e6 3. c3 d5 4. Qc2 Nf6 5. d3 Qc7 6. Bg5 Nbd7 7. Nbd2 Be7 8. Bh4 0-0 9. Bg3 Qd8 10. h3 b5 11. e5 Ne8 12. d4 c4 13. Be2 a5 14. a3 Qb6 15. 0-0 Nc7 16. b3 Ba6 17. b4 Ra7 18. Ra2 Rfa8 19. Rfa1 axb4 20. axb4 Bb7 21. Nf1 Bc6 22. Ne3 Ra4 23. Qb2 Qa6 24. Rxa4 bxa4 25. Nc2 Nb5 26. Na3 Nb8 27. Ne1 Bd7 28. Bf4 Nc6 29. Bd2 Nxa3 30. Rxa3 Na7 31. Nc2 Nb5 32. Ra2 a3 33. Qa1 1/2-1/2

[Event "Africa-ch U20 Girls"]
[Site "Hammamet"]
[Date "2016.11.26"]
[Round "1"]
[White "Guenadez, Amina"]
[Black "Mrizek, Asma"]
[Result "1-0"]
[WhiteElo "1698"]
[BlackElo "1419"]
[PlyCount "73"]
[EventDate "2016.11.26"]
[EventType "tourn"]
[EventRounds "9"]
[EventCountry "TUN"]
[SourceTitle "EXT 2018"]
[Source "ChessBase"]
[SourceDate "2017.10.13"]
[SourceVersion "1"]
[SourceVersionDate "2017.10.13"]
[SourceQuality "1"]

1. d4 d5 2. Bf4 Nc6 3. e3 Nf6 4. Nf3 e6 5. Be2 Be7 6. 0-0 Nh5 7. Ne5 Nxf4 8. exf4 Bd7 9. c3 Bf6 10. Nd2 0-0 11. Ndf3 h6 12. Rc1 a6 13. Bd3 b5 14. Bb1 g6 15. Qd3 Nxe5 16. Nxe5 Bxe5 17. fxe5 Rc8 18. f4 c5 19. Qg3 Kg7 20. dxc5 Rxc5 21. h4 h5 22. f5 exf5 23. Bxf5 Be6 24. Bc2 Rc4 25. Rf4 Rxf4 26. Qxf4 Qe7 27. Rf1 Rc8 28. Bd3 Rd8 29. Qd4 Qc7 30. Rf6 Rc8 31. Bxg6 fxg6 32. Rxe6 a5 33. Rd6 Rd8 34. e6+ Kf8 35. Qf6+ Ke8 36. Rxd8+ Qxd8 37. Qf7# 1-0